Statistiques concernant Pays en Cercles - Océanie - Carte Quiz

Cliquez ici pour prendre le quiz!

Statistiques générales

  • Ce quiz a été pris 71 fois
  • Le résultat moyen est 7 sur 14

Réponses sur la Carte

Les réponses sont colorées sur une échelle allant du rouge au vert en fonction du pourcentage des utilisateurs qui les ont devinées à leur premier essai. Vous pouvez retrouver ces pourcentages ci-dessous.
 

Statistiques - réponses

Réponse% Correct
Australie
84%
Kiribati
60%
Îles Marshall
56%
Papouasie-Nouvelle-Guinée
53%
Nouvelle-Zélande
49%
Palaos
49%
Fidji
47%
Micronésie
44%
Nauru
42%
Tonga
42%
Salomon
33%
Samoa
33%
Tuvalu
33%
Vanuatu
31%

Distribution des résultats

Percentile par nombre de réponses

% des personnes avec chaque résultat

Votre développement - résultats

Vous n’avez pas pris ce quiz